000 00394nab a2200145Ia 4500
003 ES-SlBCS
005 20210601125052.0
008 140529s1988 xxu||||| |||| 00| 0 eng d
041 _aeng
100 1 _aCollins, Michael
_9153604
245 0 0 _aMission to Mars
_c Michael Collins
650 0 4 _aMarte
_9128310
773 0 _tNational Geographic
_gnº. 5, 1988, págs. 732-764
_wRev289
942 _cAR
999 _c524218
_d524218